000 00762nam a2200217 u 4500
001 82571
003 BD-RjUL
005 20231228142814.0
008 231229s1949 ua 000 0 ara d
035 _a(BD-RjUL)82571
040 _aAAC
_beng
_cBD-RjUL
041 _aara
082 _a297.63
_223
_bAKA 1949
100 1 _aالعقاد، عباس محمود،Al-Akkad, Abbas Mahmoud,
_d1889-1964
_910774
245 1 2 _aالصديقة بنت الصديق.alsadiqat bint alsidiyq./
_cعباس محمود العقاد ;; Abbas Mahmoud Al-Akkad
260 _aمصر :
_b دار المعارف،, ,
_c1949
300 _a142 ص. ;
_c22 سم.
600 1 4 _aعائشة بنت ابى بكر.
_910775
650 4 _aعائشة أم المؤمنين
_910776
942 _2ddc
_cBK
999 _c82571
_d82571